Seed production of mud carp (cirrhinus molitorella) in aquaculture farm, ការផលិតពូជត្រីផ្កាគរ ក្នុងកសិដ្ឋានវារីវប្បកម្ម. (Record no. 3986)
[ view plain ]
| 000 -LEADER | |
|---|---|
| fixed length control field | 00600nam a22001577a 4500 |
| 003 - CONTROL NUMBER IDENTIFIER | |
| control field | OSt |
| 005 - DATE AND TIME OF LATEST TRANSACTION | |
| control field | 20151204113042.0 |
| 008 - FIXED-LENGTH DATA ELEMENTS--GENERAL INFORMATION | |
| fixed length control field | 151204b xxu||||| |||| 00| 0 eng d |
| 040 ## - CATALOGING SOURCE | |
| Transcribing agency | RUA |
| 082 ## - DEWEY DECIMAL CLASSIFICATION NUMBER | |
| Classification number | FIS MAM 2007 B179 Or.1 |
| 100 ## - MAIN ENTRY--PERSONAL NAME | |
| 9 (RLIN) | 4271 |
| Personal name | MAM SAMORN; ម៉ម សាម៉ន |
| 245 ## - TITLE STATEMENT | |
| Title | Seed production of mud carp (cirrhinus molitorella) in aquaculture farm, ការផលិតពូជត្រីផ្កាគរ ក្នុងកសិដ្ឋានវារីវប្បកម្ម. |
| 260 ## - PUBLICATION, DISTRIBUTION, ETC. (IMPRINT) | |
| Place of publication, distribution, etc. | Phnom Penh |
| Name of publisher, distributor, etc. | RUA |
| Date of publication, distribution, etc. | 2007 |
| 300 ## - PHYSICAL DESCRIPTION | |
| Extent | x; 31p. |
| Other physical details | ill. |
| Dimensions | 29cm. |
| 942 ## - ADDED ENTRY ELEMENTS (KOHA) | |
| Source of classification or shelving scheme | |
| Koha item type | FIS |
| Price effective from | Date last seen | Permanent Location | Not for loan | Date acquired | Source of classification or shelving scheme | Koha item type | Lost status | Withdrawn status | Date last checked out | Total Checkouts | Shelving location | Damaged status | Barcode | Current Location | Full call number |
|---|---|---|---|---|---|---|---|---|---|---|---|---|---|---|---|
| 2015-12-04 | 2015-12-04 | Library Block B | 2015-12-04 | FIS | B179 | RUA028308 | Library Block B | FIS MAM 2007 B179 Or.1 | |||||||
| 2015-12-04 | 2015-12-04 | Library Block B | 2015-12-04 | FIS | B179 | RUA027843 | Library Block B | FIS MAM 2007 B179 Or.2 | |||||||
| 2015-12-04 | 2015-12-04 | Library Block B | 2015-12-04 | FIS | B179 | RUA010311 | Library Block B | FIS MAM 2007 B179 Or.3 | |||||||
| 2015-12-04 | 2022-07-20 | Library Block B | 2015-12-04 | FIS | 2022-07-18 | 1 | B179 | RUA010895 | Library Block B | FIS MAM 2007 B179 Or.4 | |||||
| 2015-12-04 | 2015-12-04 | Library Block B | 2015-12-04 | FIS | B179 | RUA010963 | Library Block B | FIS MAM 2007 B179 Or.5 | |||||||
| 2015-12-04 | 2015-12-04 | Library Block B | 2015-12-04 | FIS | B179 | RUA028650 | Library Block B | FIS MAM 2007 B179 Or.6 |